MARC details
| 000 -CABECERA |
| campo de control de longitud fija |
00954cam a2200253 a 4500 |
| 001 - NÚMERO DE CONTROL |
| campo de control |
000011651 |
| 005 - FECHA Y HORA DE LA ÚLTIMA TRANSACCIÓN |
| campo de control |
20200929162520.0 |
| 008 - DATOS DE LONGITUD FIJA--INFORMACIÓN GENERAL |
| campo de control de longitud fija |
000407s1999 ck b 000 0 spa |
| 020 ## - NÚMERO INTERNACIONAL ESTÁNDAR DEL LIBRO |
| Número Internacional Estándar del Libro |
9588087198 |
| 040 ## - FUENTE DE LA CATALOGACIÓN |
| Centro catalogador/agencia de origen |
DO-SdBNP |
| Lengua de catalogación |
spa |
| Centro/agencia transcriptor |
DLC |
| Centro/agencia modificador |
BNPHU |
| 082 ## - NÚMERO DE LA CLASIFICACIÓN DECIMAL DEWEY |
| Número de clasificación |
346.02386 |
| Número de documento/Ítem |
E74c |
| 049 ## - FONDOS LOCALES (OCLC) |
| Fondos de biblioteca |
BNGR |
| 100 1# - ENTRADA PRINCIPAL--NOMBRE DE PERSONA |
| Nombre de persona |
Escobar Henríquez, Alvaro B. |
| 9 (RLIN) |
27593 |
| 245 13 - MENCIÓN DE TÍTULO |
| Título |
El contrato estatal de obra : |
| Resto del título |
descripción, cláusulas, comentarios críticas / |
| Mención de responsabilidad, etc. |
Alvaro B. Escobar Henríquez. |
| 260 ## - PUBLICACIÓN, DISTRIBUCIÓN, ETC. |
| Lugar de publicación, distribución, etc. |
Santa Fe de Bogotá, (Colombia) : |
| Nombre del editor, distribuidor, etc. |
Ediciones Jurídicas Gustavo Ibañez, |
| Fecha de publicación, distribución, etc. |
1999. |
| 300 ## - DESCRIPCIÓN FÍSICA |
| Extensión |
356 p. ; |
| Dimensiones |
25 cm. |
| 490 1# - MENCIÓN DE SERIE |
| Mención de serie |
Vocatio in ius |
| 504 ## - NOTA DE BIBLIOGRAFÍA, ETC. |
| Nota de bibliografía, etc. |
Incluye referencias bibliográficas (p. [355] -356). |
| 650 #4 - PUNTO DE ACCESO ADICIONAL DE MATERIA--TÉRMINO DE MATERIA |
| Término de materia o nombre geográfico como elemento de entrada |
Contratos públicos |
| Subdivisión geográfica |
Colombia |
| 9 (RLIN) |
27594 |
| 650 #4 - PUNTO DE ACCESO ADICIONAL DE MATERIA--TÉRMINO DE MATERIA |
| Término de materia o nombre geográfico como elemento de entrada |
Contratos públicos |
| Subdivisión general |
Legislación |
| Subdivisión geográfica |
Colombia |
| 9 (RLIN) |
27595 |
| 650 #4 - PUNTO DE ACCESO ADICIONAL DE MATERIA--TÉRMINO DE MATERIA |
| Término de materia o nombre geográfico como elemento de entrada |
Contratos administrativos |
| Subdivisión geográfica |
Colombia |
| 9 (RLIN) |
27596 |
| 830 #0 - PUNTO DE ACCESO ADICIONAL DE SERIE-TÍTULO UNIFORME |
| Título uniforme |
Vocatio in ius. |
| 9 (RLIN) |
27597 |
| 910 ## - DATOS DE OPCIÓN DEL USUARIO (OCLC) |
| Datos de opción del usuario |
Catalogación por copia / LC |